| 000 | 00442cam a2200193ua 4500 | ||
|---|---|---|---|
| 020 | _c3.00 | ||
| 041 |
_ahin _h |
||
| 082 |
_a891.54 _bACH/HR |
||
| 100 | _aAcharya, Chatursen . | ||
| 245 |
_aHriday ki pyas / _cAcharya Chatursen. _hTextual Documents |
||
| 250 |
_a1 / _b. |
||
| 260 |
_a : _bRajpal and Sanch. |
||
| 300 | _a147 ; . | ||
| 365 | _a3.00 | ||
| 504 | _a | ||
| 942 | _cBK | ||
| 999 |
_c7981 _d7981 |
||